Science Quiz

Random Science or Physics Quiz

Quantum Physicist Name Matchup Quiz Stats

 Plays Quiz not verified by Sporcle

Score 0/10 Timer 01:30
0 Plays Today
% Correct
Niels
94.1%
Werner
88.5%
Richard
80.2%
Paul
67.2%
Max
65.8%
John
56.7%
Pieter
52.3%
Immanuel
45.5%
Lene
42.3%
Willis
38.6%

You're not logged in!

Compare scores with friends on all Sporcle quizzes.
OR
Log In

You Might Also Like...

Show Comments

Extras

Created Oct 15, 2016SourceReportNominate
Tags:Physics Quiz, quantum

Top Quizzes Today


Score Distribution

Your Account Isn't Verified!

In order to create a playlist on Sporcle, you need to verify the email address you used during registration. Go to your Sporcle Settings to finish the process.

Report this User

Report this user for behavior that violates our Community Guidelines.

Details: